Democracy : (Record no. 6119)

MARC details
000 -LEADER
fixed length control field 00499cam a2200205ua 4500
001 - CONTROL NUMBER
control field 6983
005 - DATE AND TIME OF LATEST TRANSACTION
control field 20260515114134.0
008 - FIXED-LENGTH DATA ELEMENTS--GENERAL INFORMATION
fixed length control field 141118n ii |||gr||||Z||||||eng
020 ## - INTERNATIONAL STANDARD BOOK NUMBER
International Standard Book Number 812372389X
040 ## - CATALOGING SOURCE
Transcribing agency MAIN
041 ## - LANGUAGE CODE
Language code of text/sound track or separate title eng
082 ## - DEWEY DECIMAL CLASSIFICATION NUMBER
Classification number 320
100 ## - MAIN ENTRY--PERSONAL NAME
Personal name Baechler, Jean,
Relator term Author.
245 1# - TITLE STATEMENT
Title Democracy :
Remainder of title Analytical survey /
Statement of responsibility, etc. By Jean Baechler .
250 ## - EDITION STATEMENT
Edition statement 1st.
260 ## - PUBLICATION, DISTRIBUTION, ETC.
Place of publication, distribution, etc. New Delhi:
Name of publisher, distributor, etc. National book trust,
Date of publication, distribution, etc. 2000.
300 ## - PHYSICAL DESCRIPTION
Extent xii,205p.
653 ## - INDEX TERM--UNCONTROLLED
Uncontrolled term Democracy
942 ## - ADDED ENTRY ELEMENTS (KOHA)
Koha item type Books
Holdings
Withdrawn status Lost status Damaged status Not for loan Home library Current library Shelving location Date acquired Total checkouts Full call number Barcode Date last seen Copy number Price effective from Koha item type
        Naharkatiya College Library Naharkatiya College Library General stacks 09/19/2020   320.5 | BAE 21628 09/19/2020 1 09/19/2020 Books